Culture générale niveau difficile - Statistiques

Statistiques générales
  • Ce quiz a été pris 112 fois
  • Le résultat moyen est 12 sur 25
Statistiques - réponses
Question Réponse % Correct
Quel célèbre mouvement artistique Pablo Picasso a-t-il co-créé ? Le cubisme
79%
Quel est le plus grand organe du corps humain ? la peau
75%
Qui a écrit Les aventures de Sherlock Holmes ? Arthur Conan Doyle
73%
Quel était le nom de jeune fille de la princesse Diana ? Spencer
66%
Finissez cette réplique du Diner de cons : "il est mignon monsieur Pignon, il est méchant monsieur ..." Brochant
64%
Quelle ville a accueilli les Jeux olympiques d'hiver de 2014 ? Sotchi
59%
Sous quel autre nom connait-on mieux Vladimir Illitch Oulianov ? Lenine
58%
Dans quel état Américian se situe la zone 51 ? Nevada
56%
Qui détient le titre de meilleur buteur de l'histoire de l'équipe de France de football ? Olivier Giroud
56%
Quel a été le premier pays à accorder le droit de vote aux femmes ? La Nouvelle-Zélande
55%
Quelle civilisation ancienne est à l’origine de l’écriture cunéiforme ? Les Sumériens
55%
Dans l'oeuvre classique de Shakespeare, quel âge ont Roméo et Juliette ? Juliette a 13 ans et Roméo a 15 ou 16 ans.
52%
Dans quelle œuvre trouve-t-on le personnage de Meursault ? L'Étranger
52%
Quel plat composé de viande hachée, d'oignons et de flocons d'avoine est le plat national de l'Écosse ? Haggis
49%
Ou se situe la ville d'Ushuaïa ? En Argentine, en Terre de Feu
46%
Quel personnage de la littérature n'a jamais été en prison ? Cyrano de Bergerac
41%
Quelle est la capitale la plus haute en altitude au monde ? La Paz (Bolivie)
36%
Quel monument de Rome est historiquement situé au centre de la cité de Rome ? Le Forum Romain
34%
Quel président américain figure sur le billet de 2 dollars ? Thomas Jefferson
34%
Quelle est la ville la plus septentrionale de France Bray-Dunes
32%
Où vivent Le Bombé et Le Claude dans La Soupe aux choux ? Dans le Bourbonnais
27%
Combien de fois la France a t-elle remporté le tournoi des Six Nations ? (inclus les victoires "partagées") 27
22%
Quel pays a le plus grand nombre d’îles dans le monde ? La Suède
22%
Quel est le plus long fleuve d’Asie ? Yangtsé
20%
Lequel de ces pays est enclavé, mais possède quand même une marine ? Bolivie
11%
Aucun quiz correspondant
Distribution des résultats
% des personnes avec chaque résultat
Percentile par nombre de réponses
Votre historique - résultats
Vous n’avez pas pris ce quiz